000 00399nam a22001577a 4500
003 OSt
005 20211206114636.0
008 211206b |||||||| |||| 00| 0 eng d
040 _cHU
082 _a657.42
100 _aNigam. B. N. Lall
_921793
245 _aADVANCED COST ACCOUNTING PRINCIPLES AND APPLICATIONS
260 _aAMERICA
_bNEW Delhi
_c1980
300 _a210
942 _2ddc
_cBOOKS
_n0
999 _c21483
_d21483